01369cam a2200337 a 4500001001400000003000800014005001700022006001900039007001500058008004100073020003800114040003000152049002600182050002200208082001500230100002300245245008000268260002700348300003600375504005100411520025800462521001700720588004700737650003000784655002900814710001600843776003500859856010200894942001600996999001901012EDZ0000063818StDuBDS20161031105140.0m||||||||d||||||||cr |||||||||||120326s1996 enk fo| 001|0|eng d a9781446221518 (ebook) :cNo price aStDuBDSbengcStDuBDSepn aAlfaisal Main Library 0aRC454b.L456 199604a616.892231 aLemma, Alessandra.10aIntroduction to psychopathologyh[electronic resource] /cAlessandra Lemma. aLondon :bSAGE,c1996. a1 online resource (xii, 226 p.) aIncludes bibliographical references and index.8 aThis textbook provides a clear overview of the issues involved in our understanding of psychopathology & offers guidelines on appropriate interventions. It offers a framework for assessing clients which incorporates a broad range of models & approaches. aSpecialized. aDescription based on print version record. 0aPsychology, Pathological. 7aElectronic books.2local2 aSage eBooks08iPrint version :z978080397471540uhttp://ezproxy.alfaisal.edu/login?url=http://sk.sagepub.com/books/introduction-to-psychopathology 2lcccEBOOKS c480372d480372